| 000 | 00402pab a2200157 454500 | ||
|---|---|---|---|
| 008 | 180718b2005 xxu||||| |||| 00| 0 eng d | ||
| 100 | _aSharma, Vijender | ||
| 245 | _aCommercialisation of higher education in India | ||
| 260 | _c2005 | ||
| 300 | _ap.65-74. | ||
| 362 | _aSep-Oct | ||
| 650 | _aHigher education - India | ||
| 650 | _aHigher education | ||
| 773 | _aSocial Scientist | ||
| 909 | _a67612 | ||
| 999 |
_c67612 _d67612 |
||